| 000 | 00000nam 2200000zi 4500 |
| 001 | 9.945773 |
| 003 | CaOODSP |
| 005 | 20250224144123 |
| 006 | m o d f |
| 007 | cr mn||||||||| |
| 008 | 241129e198103##oncab ob f000 0 fre d |
| 040 | |aCaOODSP|bfre|erda|cCaOODSP |
| 043 | |an-cn---|an-us-ca |
| 086 | 1 |aId32-14/1981F-PDF |
| 245 | 00|aDébouchés pour certains produits canadiens de bois ouvré en Californie du Sud / |cpréparé pour le Ministère de l'industrie et du commerce [par] Peter Louch & Associates. |
| 264 | 1|aOttawa, Ontario : |bGouvernement du Canada, Industrie et commerce = Government of Canada, Industry, Trade and Commerce, |cmars 1981. |
| 300 | |a1 ressource en ligne (161 pages) : |billustration, carte |
| 336 | |atexte|btxt|2rdacontent/fre |
| 337 | |ainformatique|bc|2rdamedia/fre |
| 338 | |aressource en ligne|bcr|2rdacarrier/fre |
| 500 | |aPublié aussi en anglais sous le titre : The market potential for selected Canadian manufactured wood products in Southern California. |
| 500 | |aEn tête du titre : Études du marché des États-Unis. |
| 500 | |aÉdition numérisée de l'imprimé [par Innovation, sciences et développement économique Canada]. |
| 504 | |aComprend des références bibliographiques. |
| 650 | 6|aProduits du bois|xIndustrie|zCanada. |
| 650 | 6|aÉtudes de marché|zCalifornie (Sud) |
| 651 | 0|aCanada|xCommerce|zCalifornie (Sud) |
| 710 | 1 |aCanada. |bIndustrie et commerce, |eorganisme de publication. |
| 710 | 2 |aPeter Louch & Associates, |econsultant. |
| 775 | 08|tThe market potential for selected Canadian manufactured wood products in Southern California / |w(CaOODSP)9.934274 |
| 856 | 40|qPDF|s1.97 Mo|uhttps://publications.gc.ca/collections/collection_2024/isde-ised/Id32-14-1981-fra.pdf |